“淮南牛肉汤”地点数量≥200的地级行政区 Prefectures with ≥200 "Huainan Beef Soup" sites - Statistics

General Stats
  • This quiz has been taken 57 times
  • The average score is 18 of 24
Answer Stats
地级行政区 数量 % Correct
淮南 200
98%
上海 957
96%
合肥 804
96%
南京 466
96%
杭州 672
94%
苏州 1036
91%
无锡 547
87%
北京 222
87%
芜湖 204
87%
宁波 635
85%
六安 228
85%
常州 367
83%
南通 270
76%
温州 227
76%
滁州 225
74%
金华 328
72%
阜阳 273
72%
湖州 232
72%
嘉兴 416
69%
台州 237
63%
青岛 358
41%
连云港 207
31%
临沂 384
26%
济宁 251
13%
No matching quizzes found
Score Distribution
Percent of People with Each Score
Percentile by Number Answered
Your Score History
You have not taken this quiz